000
00233nam a2200097Ia 4500
008
230915s9999 xx 000 0 und d
050
_a
HF5718.C66 2006
100
_a
JANET S.HYDEN
245
0
_a
COMMUNICATING FOR SUCCESS
942
_c
BK
999
_c
84808
_d
84808